000 00629nam a2200229Ia 4500
003 OSt
005 20220928144909.0
006 a|||||r|||| 00| 0
007 ta
008 220927b |||||||| |||| 00| 0 eng d
024 _a76744
037 _cTextual
040 _aSDCL
_cSDCL
_beng
041 _2eng
_aeng
082 _aR140aD, L3
100 _aChang Ching-Liang
_9510210
245 0 _aSymbolic logic and mechanical theorem proving.
260 _c1973
700 _a Lee Richard Char-Tung
_9510211
942 _hR140aD, L3
_cTEXL
_2CC
999 _c830262
_d830262